عرض عادي
عرض مارك
- Tan, Felix B.,
مدخل إسم شخص
001 - رقم الضبط
- حقل الضبط: 39718
003 - معرف رقم الضبط
- حقل الضبط: OSt
005 - تاريخ ووقت أخر عملية
- حقل الضبط: 20131114154105.0
008 - عناصر بيانات ثابتة الطول
- حقل تحكم ثابت الطول: 131114|||a|||||| | ||| d
040 ## - مصدر الفهرسة
- هيئة الفهرسة الأصلية: OSt
- وكالة الكتابة: OSt
100 ## - مدخل -- أسم شخص
- إسم شخص: Tan, Felix B.,
- تواريخ مرتبطة بالاسم: 1959-
670 ## - بيانات المصدر موجوده
- الاستشهاد بالمصدر: Work cat.: (OSt)0: Advanced topics in global information management /, 2002-<c2006 >
